Way to sustainable development sustainable society /

Based on the results of a questionnaire survey sent to the LEADER LAGs in 2010 March, this study presents some social aspects of sustainability of rural areas. In this study I deal with some forms of participation as a basis and one of the main characteristic of social sustainability. Cooperation or...

Teljes leírás

Elmentve itt :
Bibliográfiai részletek
Szerző: Szekeresné Köteles Rita
Testületi szerző: Traditions, innovation, sustainability (2011) (Hódmezővásárhely)
Dokumentumtípus: Cikk
Megjelent: Szegedi Tudományegyetem Mezőgazdasági Kar Szeged 2011
Sorozat:Agrár- és vidékfejlesztési szemle 6 No. 1
Kulcsszavak:Fenntartható fejlődés, Vidékfejlesztés
Tárgyszavak:
Online Access:http://acta.bibl.u-szeged.hu/76112
LEADER 01738nab a2200241 i 4500
001 acta76112
005 20220630081041.0
008 220630s2011 hu o 0|| eng d
022 |a 1788-5345 
040 |a SZTE Egyetemi Kiadványok Repozitórium  |b hun 
041 |a eng 
100 2 |a Szekeresné Köteles Rita 
245 1 0 |a Way to sustainable development   |h [elektronikus dokumentum] :  |b sustainable society /  |c  Szekeresné Köteles Rita 
260 |a Szegedi Tudományegyetem Mezőgazdasági Kar  |b Szeged  |c 2011 
300 |a 229-234 
490 0 |a Agrár- és vidékfejlesztési szemle  |v 6 No. 1 
520 3 |a Based on the results of a questionnaire survey sent to the LEADER LAGs in 2010 March, this study presents some social aspects of sustainability of rural areas. In this study I deal with some forms of participation as a basis and one of the main characteristic of social sustainability. Cooperation or willingness to cooperate, interest, ability to innovate, confidence, existence of key people, information flow, as well as commitment can be considered as forms of participation and a basis for sustainable society of rural areas. The results of the survey indicates that social participation as a tool for the so called social pillar of sustainability must be a subject for development in order to achieve sustainable development in general. 
650 4 |a Társadalomtudományok 
650 4 |a Közgazdasági és gazdálkodástudományok 
650 4 |a Társadalom- és gazdaságföldrajz 
695 |a Fenntartható fejlődés, Vidékfejlesztés 
710 |a Traditions, innovation, sustainability (2011) (Hódmezővásárhely) 
856 4 0 |u http://acta.bibl.u-szeged.hu/76112/1/agrarszemle_2011_001_suppl_229-234.pdf  |z Dokumentum-elérés